| 000 | 01113nam a22003257a 4500 | ||
|---|---|---|---|
| 003 | CHAP | ||
| 005 | 20220329134506.0 | ||
| 008 | 971013s1974 ar r 00010 spa d | ||
| 010 | _a21143 | ||
| 011 | _a22115 | ||
| 035 | _a26208 | ||
| 040 | _cCHAP | ||
| 082 | 0 | 4 |
_a662.74 _bB6 |
| 100 | 0 | 0 |
_aBooth, H. E. _913805 |
| 245 | 1 | _aAbastecimiento a largo plazo de carbón de leña para altos hornos ZAPLA | |
| 260 |
_aSalta, Argentina : _bInventario y Desarrollo Forestal del Noroeste Argentino, _c1974 |
||
| 300 | _a41 h. | ||
| 490 |
_aFO : DP/ARC/70/536 Documento de trabajo _v; 15 |
||
| 590 |
_aBATCH-UPD _b10 _c20130110 _lUCH01 _h0035 |
||
| 590 |
_aBATCH-UPD _b10 _c20130110 _lUCH01 _h2151 |
||
| 590 |
_aBATCH-UPD _b10 _c20130409 _lUCH01 _h2018 |
||
| 590 |
_aBATCH-UPD _b10 _c20130914 _lUCH01 _h0758 |
||
| 590 |
_aCONVERSION _b10 _c20130109 _lUCH01 _h1313 |
||
| 650 | 1 | 4 |
_aCarbón como combustible. _918853 |
| 650 | 1 | 4 |
_aCarbón vegetal. _918858 |
| 830 | 0 |
_aFO : DP/ARC/70/536 Documento de trabajo _v; 15 _941902 |
|
| 901 | _aBK | ||
| 942 | _cLIBRO | ||
| 949 |
_a662.74 B6 _bBC _cLIBRO _d-60550 _eLIBRO _h43458 _i26208 _mD _si |
||
| 999 |
_c21143 _d21143 |
||